Niezapomniane Jedenastki #4: Leicester 2015/2016 - Statystyki

Ogólne statystyki
  • Ten quiz został rozwiązany 129 razy
  • Średni wynik to 7 z 11
Statystyki odpowiedzi
Pozycja Kraj Zawodnik % Poprawnych
N Anglia Jamie Vardy
97%
PS Algieria Riyad Mahrez
97%
BR Dania Kasper Schmeichel
94%
ŚP Francja N'Golo Kante
94%
ŚP Anglia Danny Drinkwater
76%
N Japonia Shinji Okazaki
65%
ŚO Jamajka Wes Morgan
58%
LO Austria Christian Fuchs
52%
ŚO Niemcy Robert Huth
49%
LS Anglia Marc Albrighton
35%
PO Anglia Danny Simpson
27%
Nie znaleziono quizów pasujących do podanych kryteriów
Rozkład punktacji
Procent ludzi z każdym wynikiem
Percentyl według liczby udzielonych odpowiedzi
Twoja historia wyników
Nie rozwiązałeś tego quizu